[Event "DVM U20 2009"]
[Site "Chemnitz GER"]
[Date "2009.12.27"]
[Round "2"]
[White "Huschenbeth, Niclas"]
[Black "Rudolf, Sebastian"]
[Result "1/2-1/2"]
[Termination "normal"]
[Board "1.1"]
[WhiteTitle "IM"]
[WhiteElo "2411"]
[BlackElo "2201"]
[WhiteTeam "Hamburger SK von 1830 eV"]
[BlackTeam "SG Grün-Weiß Dresden"]
[PlyCount "92"]
[WhiteFideId "24604747"]
[BlackFideId "24609390"]
[EventCountry "GER"]
[EventRounds "7"]
[EventType "team-swiss"]
[EventDate "2009.12.26"]

1. e4 c5 2. Nf3 Nc6 3. d4 cxd4 4. Nxd4 Qc7 5. Nc3 e6 6. Be3 a6 7. Bd3 b5 8. O-O
Bb7 9. Qe2 Nf6 10. f4 Nxd4 11. Bxd4 Bc5 12. Bxc5 Qxc5+ 13. Kh1 b4 14. Nd1 Qc6
15. e5 Nd5 16. Be4 Qc5 17. Qf3 Bc6 18. Nf2 O-O 19. Bxh7+ Kxh7 20. Ne4 Nxf4 21.
Nxc5 Bxf3 22. Rxf3 Nd5 23. Nxd7 Rfd8 24. Nc5 Rac8 25. Ne4 Rxc2 26. Ng5+ Kg6 27.
Nxf7 Rdc8 28. Raf1 Rc1 29. Rg3+ Kh7 30. Ng5+ Kh6 31. Kg1 Rxf1+ 32. Kxf1 Ne3+
33. Ke2 Nf5 34. Nf7+ Kh7 35. Rd3 Kg6 36. Nd6 Rc2+ 37. Rd2 Rc5 38. Kf3 Rxe5 39.
Kf4 Ra5 40. Nxf5 exf5 41. Rd4 Kf6 42. Rd6+ Kf7 43. Rb6 Rxa2 44. Rxb4 a5 45.
Rb7+ Kf6 46. Rb6+ Kf7 1/2-1/2

[Event "DVM U20 2009"]
[Site "Chemnitz GER"]
[Date "2009.12.27"]
[Round "2"]
[White "Schnoor, Ekkehard"]
[Black "Bracker, Frank"]
[Result "1/2-1/2"]
[Termination "normal"]
[Board "1.2"]
[WhiteElo "1997"]
[BlackElo "2270"]
[WhiteTeam "SG Grün-Weiß Dresden"]
[BlackTeam "Hamburger SK von 1830 eV"]
[PlyCount "166"]
[WhiteFideId "24639753"]
[BlackFideId "24614343"]
[EventCountry "GER"]
[EventRounds "7"]
[EventType "team-swiss"]
[EventDate "2009.12.26"]

1. e4 c5 2. Nf3 d6 3. Bb5+ Bd7 4. Bxd7+ Qxd7 5. c4 g6 6. Nc3 Bg7 7. d4 cxd4 8.
Nxd4 Nf6 9. f3 O-O 10. O-O Rc8 11. b3 d5 12. exd5 Nxd5 13. Nxd5 e6 14. Bh6 exd5
15. Bxg7 Kxg7 16. Nb5 dxc4 17. Nd6 Rd8 18. Nxb7 Qxd1 19. Rfxd1 Rxd1+ 20. Rxd1
cxb3 21. axb3 Nc6 22. Kf2 Rc8 23. Rc1 Rb8 24. Rxc6 Rxb7 25. Rc3 Kf6 26. Ke3 Ke5
27. Rd3 g5 28. g3 h6 29. h3 f6 30. f4+ gxf4+ 31. gxf4+ Ke6 32. Ke4 Rb4+ 33. Kf3
Kf5 34. Rd5+ Ke6 35. Rd3 h5 36. Ke3 Rb7 37. Ke4 f5+ 38. Kf3 h4 39. Ke2 Rb5 40.
Ke3 Rc5 41. Kd2 Rc7 42. Ke2 Rc1 43. Kd2 Rf1 44. Ke3 Rb1 45. Kf2 Rb2+ 46. Kf1
Ra2 47. Ke1 a5 48. Re3+ Kf6 49. Rc3 Rb2 50. Rc6+ Ke7 51. Rc5 Ke6 52. Rc3 Kd5
53. Re3 Kd4 54. Re5 Rxb3 55. Rxf5 a4 56. Ra5 Ke3 57. Kd1 Rd3+ 58. Kc2 Rd4 59.
f5 Rc4+ 60. Kd1 Kf2 61. f6 Rd4+ 62. Kc2 Rf4 63. Kd2 Rxf6 64. Rxa4 Rd6+ 65. Kc2
Kg3 66. Ra3+ Kh2 67. Re3 Rd7 68. Kc3 Rg7 69. Kd2 Rg3 70. Ke2 Kxh3 71. Re7 Kg2
72. Rf7 Rg6 73. Rf2+ Kg3 74. Kf1 Ra6 75. Rg2+ Kh3 76. Rg7 Ra3 77. Kf2 Ra2+ 78.
Kg1 Ra1+ 79. Kf2 Kh2 80. Rg2+ Kh1 81. Rg4 h3 82. Rg3 Ra2+ 83. Kf1 Kh2 1/2-1/2

[Event "DVM U20 2009"]
[Site "Chemnitz GER"]
[Date "2009.12.27"]
[Round "2"]
[White "Bracker, Arne"]
[Black "Kunze, Christopher"]
[Result "1-0"]
[Termination "normal"]
[Board "1.3"]
[WhiteElo "2219"]
[BlackElo "1948"]
[WhiteTeam "Hamburger SK von 1830 eV"]
[BlackTeam "SG Grün-Weiß Dresden"]
[PlyCount "103"]
[WhiteFideId "24618160"]
[BlackFideId "4647998"]
[EventCountry "GER"]
[EventRounds "7"]
[EventType "team-swiss"]
[EventDate "2009.12.26"]

1. d4 Nf6 2. Nf3 e6 3. e3 b6 4. Bd3 Bb7 5. O-O Be7 6. c4 O-O 7. Nc3 d5 8. b3
Ne4 9. Ne2 Nd7 10. Bb2 c5 11. cxd5 exd5 12. Rc1 Bf6 13. Ng3 Qe7 14. Nh5 Rac8
15. Nxf6+ Nexf6 16. Bf5 Rc7 17. Re1 Rfc8 18. Ne5 cxd4 19. Rxc7 Rxc7 20. exd4
Qd8 21. Ba3 Nf8 22. f3 Bc8 23. Bd3 Ng6 24. Nxg6 hxg6 25. Qe2 Be6 26. Bxg6 Qc8
27. Bd3 Bf5 28. Bxf5 Qxf5 29. Qe5 Qxe5 30. dxe5 Ne8 31. Re2 Rd7 32. e6 fxe6 33.
Rxe6 Kf7 34. Re2 Nc7 35. Kf2 Ne6 36. g3 Rd8 37. Rd2 Kf6 38. Bb2+ Kf7 39. h4 g6
40. Be5 Nc5 41. g4 Ke6 42. Bd4 Rf8 43. Kg3 Kd6 44. Bb2 Rf7 45. Re2 Rf8 46. h5
gxh5 47. gxh5 Rg8+ 48. Kh4 Rg1 49. Be5+ Kd7 50. h6 Ne6 51. Rh2 Rg6 52. h7 1-0

[Event "DVM U20 2009"]
[Site "Chemnitz GER"]
[Date "2009.12.27"]
[Round "2"]
[White "Zimmermann, René"]
[Black "Colpe, Malte"]
[Result "1-0"]
[Termination "normal"]
[Board "1.4"]
[WhiteElo "2044"]
[BlackElo "2160"]
[WhiteTeam "SG Grün-Weiß Dresden"]
[BlackTeam "Hamburger SK von 1830 eV"]
[PlyCount "53"]
[WhiteFideId "24624349"]
[BlackFideId "24623075"]
[EventCountry "GER"]
[EventRounds "7"]
[EventType "team-swiss"]
[EventDate "2009.12.26"]

1. d4 Nf6 2. c4 g6 3. f3 Bg7 4. e4 d6 5. Nc3 O-O 6. Be3 c5 7. d5 e6 8. Qd2 exd5
9. cxd5 a6 10. a4 Re8 11. Nge2 Nbd7 12. Ng3 Ne5 13. Be2 Qc7 14. O-O h5 15. h3
b6 16. Bh6 Rb8 17. Bxg7 Kxg7 18. f4 Ned7 19. f5 h4 20. fxg6 hxg3 21. gxf7 Re5
22. f8=Q+ Kxf8 23. Qh6+ Kg8 24. Qg6+ Kh8 25. Rf4 Nh7 26. Rf7 Ndf8 27. Qg7# 1-0

[Event "DVM U20 2009"]
[Site "Chemnitz GER"]
[Date "2009.12.27"]
[Round "2"]
[White "Lampert, Jonas"]
[Black "Marsel, Patrick"]
[Result "1/2-1/2"]
[Termination "normal"]
[Board "1.5"]
[WhiteElo "2111"]
[BlackElo "1976"]
[WhiteTeam "Hamburger SK von 1830 eV"]
[BlackTeam "SG Grün-Weiß Dresden"]
[PlyCount "118"]
[WhiteFideId "1303759"]
[BlackFideId "24623741"]
[EventCountry "GER"]
[EventRounds "7"]
[EventType "team-swiss"]
[EventDate "2009.12.26"]

1. e4 c5 2. Nf3 Nc6 3. d4 cxd4 4. Nxd4 e5 5. Nb5 d6 6. N1c3 a6 7. Na3 b5 8. Nd5
Nf6 9. Bg5 Be7 10. Bxf6 Bxf6 11. c3 Bg5 12. Nc2 O-O 13. a4 Rb8 14. axb5 axb5
15. Ncb4 Nxb4 16. Nxb4 Qd7 17. Be2 g6 18. Bf3 Bb7 19. O-O Kh8 20. Qd3 f5 21.
exf5 gxf5 22. Bxb7 Rxb7 23. Ra6 Be7 24. Nd5 Bd8 25. Rd1 f4 26. Nxf4 Bb6 27.
Qxd6 Bxf2+ 28. Kxf2 Rxf4+ 29. Kg1 Qxd6 30. Raxd6 Kg7 31. Re6 Re4 32. Rd5 Re2
33. Rdxe5 Rxb2 34. Re2 Rb3 35. R6e3 Rc7 36. Rg3+ Kf6 37. Rf3+ Kg7 38. Ree3 Rb2
39. Re4 h6 40. h4 Ra2 41. Rb4 Ra3 42. Rg4+ Kh7 43. Rgg3 Ra4 44. h5 b4 45. cxb4
Rxb4 46. Rg6 Rb5 47. g4 Rb2 48. Rf2 Rxf2 49. Kxf2 Rg7 50. Rxg7+ Kxg7 51. Ke3
Kf6 52. Ke4 Kg5 53. Kf3 Kf6 54. Kf4 Ke6 55. Ke4 Kf6 56. Kf4 Ke6 57. Kg3 Ke5 58.
Kh3 Ke6 59. Kg3 Kf6 1/2-1/2

[Event "DVM U20 2009"]
[Site "Chemnitz GER"]
[Date "2009.12.27"]
[Round "2"]
[White "Nitze, Florian"]
[Black "Dalakian, Haroutioun"]
[Result "0-1"]
[Termination "normal"]
[Board "1.6"]
[WhiteElo "1719"]
[BlackElo "2145"]
[WhiteTeam "SG Grün-Weiß Dresden"]
[BlackTeam "Hamburger SK von 1830 eV"]
[PlyCount "34"]
[WhiteFideId "24603902"]
[BlackFideId "24632058"]
[EventCountry "GER"]
[EventRounds "7"]
[EventType "team-swiss"]
[EventDate "2009.12.26"]

1. d4 Nf6 2. c4 e6 3. Nf3 Bb4+ 4. Bd2 Qe7 5. a3 Bxd2+ 6. Nbxd2 d6 7. g3 e5 8.
Bg2 e4 9. Ng5 e3 10. Ndf3 exf2+ 11. Kd2 h6 12. Nh3 Ng4 13. Qb3 O-O 14. Qd3 Re8
15. Rhf1 Ne3 16. Nf4 Bf5 17. Qc3 Nxg2 0-1

[Event "DVM U20 2009"]
[Site "Chemnitz GER"]
[Date "2009.12.27"]
[Round "2"]
[White "Zelbel, Patrick"]
[Black "Kotainy, Jens"]
[Result "1/2-1/2"]
[Termination "normal"]
[Board "2.1"]
[WhiteTitle "FM"]
[WhiteElo "2346"]
[BlackElo "2243"]
[WhiteTeam "Schachfreunde Brackel 1930 e.V."]
[BlackTeam "Schachgesellschaft Bochum 1931"]
[PlyCount "80"]
[WhiteFideId "24624322"]
[BlackFideId "24670499"]
[EventCountry "GER"]
[EventRounds "7"]
[EventType "team-swiss"]
[EventDate "2009.12.26"]

1. e4 e6 2. d4 d5 3. Nd2 Be7 4. Bd3 c5 5. dxc5 Nf6 6. Qe2 Nc6 7. Ngf3 Bxc5 8.
a3 a5 9. O-O O-O 10. e5 Nd7 11. Nb3 Be7 12. c3 a4 13. Nbd4 Nc5 14. Bc2 Na5 15.
Rd1 b6 16. Ne1 f6 17. Qh5 f5 18. Nd3 Bd7 19. Nf4 Nc4 20. Qe2 Na5 21. g4 g6 22.
gxf5 gxf5 23. Qh5 Qe8 24. Qh6 Qf7 25. Bxf5 exf5 26. e6 Nxe6 27. Ndxe6 Rfe8 28.
Kh1 Kh8 29. Be3 Nb3 30. Rg1 Rg8 31. Rxg8+ Rxg8 32. Rg1 Rxg1+ 33. Kxg1 Bxe6 34.
Qxe6 Qxe6 35. Nxe6 Na5 36. Nc7 Nc4 37. Nxd5 Bc5 38. Bc1 Kg7 39. Kf1 Kf7 40. Nf4
Bd6 1/2-1/2

[Event "DVM U20 2009"]
[Site "Chemnitz GER"]
[Date "2009.12.27"]
[Round "2"]
[White "Pilat, Daniel"]
[Black "Strathoff, Jens"]
[Result "1/2-1/2"]
[Termination "normal"]
[Board "2.2"]
[WhiteElo "2174"]
[BlackElo "2075"]
[WhiteTeam "Schachgesellschaft Bochum 1931"]
[BlackTeam "Schachfreunde Brackel 1930 e.V."]
[PlyCount "106"]
[WhiteFideId "24602116"]
[BlackFideId "4699084"]
[EventCountry "GER"]
[EventRounds "7"]
[EventType "team-swiss"]
[EventDate "2009.12.26"]

1. d4 d5 2. Nf3 e6 3. e3 Nf6 4. Bd3 Bd6 5. Nbd2 Nbd7 6. b3 O-O 7. Bb2 Re8 8.
Ne5 c5 9. f4 Nf8 10. O-O N6d7 11. Qh5 Qe7 12. Ndf3 f6 13. Ng4 cxd4 14. exd4
Bxf4 15. Rae1 Qf7 16. Qh3 f5 17. Nge5 Nxe5 18. dxe5 Bh6 19. Kh1 Ng6 20. g4 Nf4
21. Qh4 Nxd3 22. cxd3 fxg4 23. Qxg4 Bd7 24. Ba3 Bc6 25. Nd4 Qg6 26. Qxg6 hxg6
27. Re2 Rac8 28. Rf3 Bd7 29. Kg2 Bc1 30. Bxc1 Rxc1 31. Rc2 Rxc2+ 32. Nxc2 Rf8
33. Rxf8+ Kxf8 34. Kf3 Kf7 35. Nd4 g5 36. Kg4 Kg6 37. b4 Ba4 38. Kf3 Bd1+ 39.
Ke3 a6 40. Nxe6 Kf5 41. Nd8 Kxe5 42. d4+ Kd6 43. Nxb7+ Kc6 44. Nc5 Kb5 45. a3
Bg4 46. Kd3 a5 47. Kc3 axb4+ 48. axb4 Bf5 49. Nb7 g6 50. Nd6+ Kc6 51. Nf7 g4
52. Ne5+ Kb5 53. Kb3 Kb6 1/2-1/2

[Event "DVM U20 2009"]
[Site "Chemnitz GER"]
[Date "2009.12.27"]
[Round "2"]
[White "Kartsev, Alexandr"]
[Black "Werthebach, Felix"]
[Result "1-0"]
[Termination "normal"]
[Board "2.3"]
[WhiteElo "2056"]
[BlackElo "2167"]
[WhiteTeam "Schachfreunde Brackel 1930 e.V."]
[BlackTeam "Schachgesellschaft Bochum 1931"]
[PlyCount "71"]
[WhiteFideId "24647110"]
[BlackFideId "24609684"]
[EventCountry "GER"]
[EventRounds "7"]
[EventType "team-swiss"]
[EventDate "2009.12.26"]

1. e4 c5 2. c3 Nf6 3. e5 Nd5 4. d4 cxd4 5. Nf3 e6 6. cxd4 d6 7. Bc4 Nc6 8. O-O
Be7 9. Qe2 O-O 10. Re1 a6 11. Qe4 Ndb4 12. exd6 Qxd6 13. a3 Nd5 14. Nc3 Nf6 15.
Qh4 Rd8 16. Bf4 Qd7 17. Rad1 Nd5 18. Bg5 Nxc3 19. bxc3 h6 20. Bxe7 Nxe7 21. Ne5
Qc7 22. Bd3 Nd5 23. c4 Nf6 24. Re3 Bd7 25. Rg3 Kf8 26. Ng4 Qf4 27. h3 Ba4 28.
Rb1 Rab8 29. d5 exd5 30. Rf3 Qd4 31. Rxf6 Qxd3 32. Rxf7+ Kg8 33. Rbxb7 Qd1+ 34.
Kh2 Rxb7 35. Rxb7 dxc4 36. Nxh6+ 1-0

[Event "DVM U20 2009"]
[Site "Chemnitz GER"]
[Date "2009.12.27"]
[Round "2"]
[White "Mazarov, Jürgen"]
[Black "Strathoff, Martin"]
[Result "1-0"]
[Termination "normal"]
[Board "2.4"]
[WhiteElo "2185"]
[BlackElo "2047"]
[WhiteTeam "Schachgesellschaft Bochum 1931"]
[BlackTeam "Schachfreunde Brackel 1930 e.V."]
[PlyCount "92"]
[WhiteFideId "24617768"]
[BlackFideId "24609560"]
[EventCountry "GER"]
[EventRounds "7"]
[EventType "team-swiss"]
[EventDate "2009.12.26"]

1. e4 c5 2. Nf3 d6 3. d4 cxd4 4. Nxd4 Nf6 5. Nc3 a6 6. Bg5 e6 7. f4 Qb6 8. Qd2
Nc6 9. O-O-O Qxd4 10. Qxd4 Nxd4 11. Rxd4 Be7 12. Be2 Bd7 13. Rf1 Bc6 14. Bf3
Rf8 15. Bxf6 gxf6 16. f5 O-O-O 17. Bg4 Bd7 18. Rfd1 Rg8 19. Bh3 h5 20. Ne2 Bf8
21. Kb1 Bb5 22. fxe6 Bxe2 23. e7+ Kc7 24. exd8=Q+ Kxd8 25. R1d2 Bg4 26. Bxg4
Rxg4 27. a3 Kc7 28. Rd5 h4 29. Re2 Bh6 30. Rh5 Bg5 31. Rh7 Kc6 32. Rxf7 Rf4 33.
Ka2 Rf1 34. h3 Rf4 35. Kb3 Kb6 36. a4 a5 37. c3 Kc6 38. Ka2 Kb6 39. b4 axb4 40.
cxb4 d5 41. a5+ Ka6 42. exd5 Rd4 43. Kb3 Rxd5 44. Re6+ Ka7 45. Rb6 Be3 46.
Rbxb7+ Ka8 1-0

[Event "DVM U20 2009"]
[Site "Chemnitz GER"]
[Date "2009.12.27"]
[Round "2"]
[White "Zemella, Christian"]
[Black "Tkachuk, Konstantyn"]
[Result "0-1"]
[Termination "normal"]
[Board "2.5"]
[WhiteElo "2081"]
[BlackElo "2156"]
[WhiteTeam "Schachfreunde Brackel 1930 e.V."]
[BlackTeam "Schachgesellschaft Bochum 1931"]
[PlyCount "62"]
[WhiteFideId "24620580"]
[BlackFideId "24647330"]
[EventCountry "GER"]
[EventRounds "7"]
[EventType "team-swiss"]
[EventDate "2009.12.26"]

1. e4 e5 2. Nf3 Nc6 3. Bc4 Nf6 4. Ng5 d5 5. exd5 Na5 6. Bb5+ c6 7. dxc6 bxc6 8.
Be2 h6 9. Nf3 e4 10. Ne5 Bd6 11. d4 Qc7 12. Bf4 O-O 13. O-O c5 14. Bg3 Bb7 15.
c3 Rad8 16. Qa4 Nc6 17. Na3 Nxe5 18. Nb5 Nf3+ 19. Bxf3 Qc6 20. d5 Qe8 21. Bxd6
Rxd6 22. Rfe1 a6 23. Bxe4 Qxb5 24. Qc2 Nxe4 25. c4 Qb6 26. Qxe4 Re6 27. Qc2
Rxe1+ 28. Rxe1 Qa5 29. Re7 Qxa2 30. h3 Bc8 31. d6 Be6 0-1

[Event "DVM U20 2009"]
[Site "Chemnitz GER"]
[Date "2009.12.27"]
[Round "2"]
[White "Kelbling, Philipp"]
[Black "Haidar, Marcel"]
[Result "1-0"]
[Termination "normal"]
[Board "2.6"]
[WhiteElo "2116"]
[BlackElo "1828"]
[WhiteTeam "Schachgesellschaft Bochum 1931"]
[BlackTeam "Schachfreunde Brackel 1930 e.V."]
[PlyCount "41"]
[WhiteFideId "24669750"]
[EventCountry "GER"]
[EventRounds "7"]
[EventType "team-swiss"]
[EventDate "2009.12.26"]

1. e4 e5 2. Nf3 Nc6 3. d4 exd4 4. Bc4 Nf6 5. e5 d5 6. Bb5 Ne4 7. Nxd4 Bd7 8.
Bxc6 bxc6 9. O-O Bc5 10. f3 Ng5 11. f4 Ne4 12. Nc3 Nxc3 13. bxc3 Bb6 14. f5 Qh4
15. Rf4 Qe7 16. Qe2 c5 17. Nf3 O-O-O 18. a4 a5 19. Qa6+ Kb8 20. Rb1 Bxa4 21.
Rxa4 1-0

[Event "DVM U20 2009"]
[Site "Chemnitz GER"]
[Date "2009.12.27"]
[Round "2"]
[White "Eidner, Falk"]
[Black "Schneider, David"]
[Result "1/2-1/2"]
[Termination "normal"]
[Board "3.2"]
[WhiteElo "1983"]
[BlackElo "2273"]
[WhiteTeam "USG Chemnitz"]
[BlackTeam "FSV Großenseebach"]
[PlyCount "23"]
[WhiteFideId "24634557"]
[BlackFideId "4697111"]
[EventCountry "GER"]
[EventRounds "7"]
[EventType "team-swiss"]
[EventDate "2009.12.26"]

1. e4 c5 2. Nf3 e6 3. d4 cxd4 4. Nxd4 a6 5. Bd3 Bc5 6. Nb3 Be7 7. Qe2 d6 8. O-O
Qc7 9. f4 Nd7 10. c4 b6 11. Bd2 Bb7 12. Bc3 1/2-1/2

[Event "DVM U20 2009"]
[Site "Chemnitz GER"]
[Date "2009.12.27"]
[Round "2"]
[White "Linsenmeyer, Mario"]
[Black "Oltmanns, Ingmar"]
[Result "1-0"]
[Termination "normal"]
[Board "3.3"]
[WhiteElo "2097"]
[BlackElo "1944"]
[WhiteTeam "FSV Großenseebach"]
[BlackTeam "USG Chemnitz"]
[PlyCount "105"]
[WhiteFideId "24635138"]
[BlackFideId "4613910"]
[EventCountry "GER"]
[EventRounds "7"]
[EventType "team-swiss"]
[EventDate "2009.12.26"]

1. e4 c6 2. d4 d5 3. Nc3 dxe4 4. Nxe4 Nd7 5. Ng5 Ngf6 6. Bd3 e6 7. Qe2 h6 8.
Ne4 Nxe4 9. Qxe4 Nf6 10. Qh4 Be7 11. Nf3 Nd5 12. Qe4 Nb4 13. Bc4 Nd5 14. O-O
Nf6 15. Qh4 b5 16. Bd3 Bb7 17. Qg3 Kf8 18. Re1 c5 19. dxc5 Bxc5 20. Ne5 Nd7 21.
Bxb5 Nxe5 22. Qxe5 Bd4 23. Qg3 Qa5 24. Rd1 Bxf2+ 25. Qxf2 Qxb5 26. Be3 f6 27.
c4 Qc6 28. Rd6 Qe4 29. Re1 Qxc4 30. Rc1 Qe4 31. Rd7 Kg8 32. Rcc7 Qb1+ 33. Qf1
Qxf1+ 34. Kxf1 Ba6+ 35. Kf2 Rh7 36. Bxa7 Bb5 37. Re7 Bd3 38. a4 g5 39. Rxh7
Bxh7 40. b4 Be4 41. b5 Rf8 42. g3 e5 43. Ke3 Bd5 44. a5 Rf7 45. Bb6 Rxc7 46.
Bxc7 Bc4 47. b6 Ba6 48. Ke4 Bb7+ 49. Kd3 e4+ 50. Kc4 Kf7 51. Kb5 e3 52. Bd6 Ke6
53. a6 1-0

[Event "DVM U20 2009"]
[Site "Chemnitz GER"]
[Date "2009.12.27"]
[Round "2"]
[White "Rosenblatt, Marcus"]
[Black "Quaschner, Tobias"]
[Result "1-0"]
[Termination "normal"]
[Board "3.4"]
[WhiteElo "1959"]
[BlackElo "1962"]
[WhiteTeam "USG Chemnitz"]
[BlackTeam "FSV Großenseebach"]
[PlyCount "61"]
[WhiteFideId "24627453"]
[BlackFideId "24646989"]
[EventCountry "GER"]
[EventRounds "7"]
[EventType "team-swiss"]
[EventDate "2009.12.26"]

1. e4 c5 2. Nf3 e6 3. d4 cxd4 4. Nxd4 a6 5. Bd3 Nf6 6. Be3 d6 7. c4 Be7 8. Nc3
b6 9. O-O Bb7 10. f4 Nbd7 11. b4 h5 12. Kh1 Qc7 13. Rc1 Rc8 14. Qe1 Qb8 15. Qg3
Qa8 16. Qf3 g5 17. Nde2 g4 18. Qf2 Nxe4 19. Nxe4 Bxe4 20. Bxe4 Qxe4 21. Ng3 Qb7
22. f5 h4 23. fxe6 fxe6 24. Nh5 Ne5 25. Nf6+ Kd8 26. Bxb6+ Rc7 27. Bxc7+ Kxc7
28. Qd4 h3 29. Qe4 hxg2+ 30. Kxg2 Qxb4 31. Nd5+ 1-0

[Event "DVM U20 2009"]
[Site "Chemnitz GER"]
[Date "2009.12.27"]
[Round "2"]
[White "Kirch, Daniel"]
[Black "Oertel, Thomas"]
[Result "1-0"]
[Termination "normal"]
[Board "3.5"]
[WhiteElo "2050"]
[BlackElo "2046"]
[WhiteTeam "FSV Großenseebach"]
[BlackTeam "USG Chemnitz"]
[PlyCount "40"]
[WhiteFideId "24605786"]
[BlackFideId "4613902"]
[EventCountry "GER"]
[EventRounds "7"]
[EventType "team-swiss"]
[EventDate "2009.12.26"]

1. d4 e6 2. Nf3 c5 3. e3 Nf6 4. Bd3 Nc6 5. O-O Be7 6. c4 d5 7. Nc3 O-O 8. cxd5
exd5 9. h3 h6 10. dxc5 Bxc5 11. Nb5 Ne4 12. Bd2 a6 13. Nbd4 Bd6 14. Qc2 Ng5 15.
Nxg5 Qxg5 16. Nf5 Bxf5 17. Bxf5 Ne5 18. f4 Qg3 19. fxe5 Qxe5 20. Rf3 Rae8 1-0

[Event "DVM U20 2009"]
[Site "Chemnitz GER"]
[Date "2009.12.27"]
[Round "2"]
[White "Klebanov, Andrej"]
[Black "Kirch, Florian"]
[Result "0-1"]
[Termination "normal"]
[Board "3.6"]
[WhiteElo "1860"]
[BlackElo "1989"]
[WhiteTeam "USG Chemnitz"]
[BlackTeam "FSV Großenseebach"]
[PlyCount "82"]
[WhiteFideId "24669989"]
[BlackFideId "24605794"]
[EventCountry "GER"]
[EventRounds "7"]
[EventType "team-swiss"]
[EventDate "2009.12.26"]

1. Nf3 g6 2. d4 Bg7 3. c4 d6 4. Nc3 e5 5. dxe5 dxe5 6. Qxd8+ Kxd8 7. Bg5+ f6 8.
O-O-O+ Nd7 9. Nxe5 fxg5 10. Nf7+ Ke8 11. Nxh8 Bxh8 12. Ne4 Be5 13. e3 g4 14. h3
Ngf6 15. Nxf6+ Nxf6 16. hxg4 Bxg4 17. f3 Be6 18. g4 h5 19. f4 Bxg4 20. fxe5
Bxd1 21. exf6 Bf3 22. Rh2 Kf7 23. Rf2 Be4 24. c5 c6 25. Kd2 Rd8+ 26. Kc3 Bd5
27. Bd3 Re8 28. Kd4 Bxa2 29. e4 Rd8+ 30. Kc3 Re8 31. Kd4 Rd8+ 32. Ke3 Be6 33.
e5 Rd5 34. Rg2 Rxe5+ 35. Kf4 Rxc5 36. Rxg6 Rd5 37. Be4 Rd4 38. Kg5 Rxe4 39.
Rg7+ Kf8 40. Rxb7 Bf7 41. Rxa7 h4 0-1

[Event "DVM U20 2009"]
[Site "Chemnitz GER"]
[Date "2009.12.27"]
[Round "2"]
[White "Högy, Kevin"]
[Black "Billing, Christian"]
[Result "0-1"]
[Termination "normal"]
[Board "4.1"]
[WhiteElo "2145"]
[BlackElo "2226"]
[WhiteTeam "Sfr.Neuberg"]
[BlackTeam "SC Dillingen"]
[PlyCount "96"]
[WhiteFideId "24647098"]
[BlackFideId "4697294"]
[EventCountry "GER"]
[EventRounds "7"]
[EventType "team-swiss"]
[EventDate "2009.12.26"]

1. d4 d5 2. c4 e6 3. Nf3 Nf6 4. g3 Be7 5. Bg2 O-O 6. O-O dxc4 7. Qc2 a6 8. Qxc4
b5 9. Qc2 Bb7 10. Bd2 Nbd7 11. Ba5 Rc8 12. Nbd2 Qe8 13. b4 Bd6 14. Rac1 Qe7 15.
a3 e5 16. dxe5 Nxe5 17. Nxe5 Bxg2 18. Kxg2 Bxe5 19. Ne4 Bb2 20. Nxf6+ Qxf6 21.
Rb1 Bd4 22. Rbc1 c5 23. e3 Bb2 24. bxc5 Qc6+ 25. Kg1 Bxc1 26. Rxc1 Rfe8 27. Qd2
Re5 28. Bb6 Rd5 29. Qa5 h5 30. h4 Rb8 31. a4 Rb7 32. axb5 axb5 33. Rb1 Rbd7 34.
Qe1 Rd2 35. e4 R2d4 36. Qe2 Rxe4 37. Qxh5 g6 38. Qh6 Red4 39. Re1 Rd1 40. Qe3
R7d3 41. Qe2 Rxe1+ 42. Qxe1 Qf3 43. Qe8+ Kh7 44. Ba5 Rd1+ 45. Be1 Rc1 46. Qe5
b4 47. c6 Qxc6 48. h5 Qe6 0-1

[Event "DVM U20 2009"]
[Site "Chemnitz GER"]
[Date "2009.12.27"]
[Round "2"]
[White "Nuber, Blasius"]
[Black "Knickel, Aaron"]
[Result "1-0"]
[Termination "normal"]
[Board "4.2"]
[WhiteElo "2177"]
[BlackElo "2111"]
[WhiteTeam "SC Dillingen"]
[BlackTeam "Sfr.Neuberg"]
[PlyCount "75"]
[WhiteFideId "24620289"]
[BlackFideId "24605298"]
[EventCountry "GER"]
[EventRounds "7"]
[EventType "team-swiss"]
[EventDate "2009.12.26"]

1. e4 g6 2. d4 Bg7 3. Nc3 d6 4. Bc4 Nd7 5. f4 c5 6. d5 Rb8 7. a4 Nb6 8. Bb5+
Bd7 9. Nf3 a6 10. Bxd7+ Qxd7 11. a5 Na8 12. O-O b5 13. axb6 Rxb6 14. e5 Nc7 15.
Re1 Nh6 16. exd6 Qxd6 17. Ne5 Rb4 18. Nc6 O-O 19. Nxb4 cxb4 20. Ne4 Qb6+ 21.
Be3 Qb5 22. d6 exd6 23. Bd4 Bxd4+ 24. Qxd4 Nf5 25. Qf2 h5 26. Qa7 Qc6 27. Rad1
Kg7 28. Nxd6 Nxd6 29. Qd4+ Kg8 30. Qxd6 Qc4 31. f5 Nb5 32. Qd5 Qxc2 33. fxg6
Qxg6 34. Re5 Nc7 35. Qf3 Ne6 36. Rxh5 Ng5 37. Qg4 f6 38. h4 1-0

[Event "DVM U20 2009"]
[Site "Chemnitz GER"]
[Date "2009.12.27"]
[Round "2"]
[White "Darr, Thomas"]
[Black "Hummel, Dennis"]
[Result "1-0"]
[Termination "normal"]
[Board "4.4"]
[WhiteElo "1987"]
[BlackElo "2031"]
[WhiteTeam "SC Dillingen"]
[BlackTeam "Sfr.Neuberg"]
[PlyCount "131"]
[WhiteFideId "24647403"]
[BlackFideId "4638336"]
[EventCountry "GER"]
[EventRounds "7"]
[EventType "team-swiss"]
[EventDate "2009.12.26"]

1. Nf3 e6 2. c4 Nf6 3. g3 b6 4. Bg2 Bb7 5. O-O c5 6. b3 Be7 7. Bb2 O-O 8. Nc3
Nc6 9. d4 Nxd4 10. Nxd4 Bxg2 11. Kxg2 cxd4 12. Qxd4 Qc7 13. Rad1 Rfd8 14. e4
Qc6 15. Kg1 d6 16. Rfe1 a6 17. Qd3 Nd7 18. Qe2 Nc5 19. Qg4 Bf8 20. h4 b5 21. b4
Nd7 22. cxb5 axb5 23. Rc1 Qb6 24. Qe2 Rab8 25. Nd1 Ne5 26. Ne3 Rbc8 27. Red1
Qa6 28. Bd4 Nc6 29. Bc3 Qa3 30. Qxb5 Ne5 31. Qa5 Qxa5 32. bxa5 Nc6 33. Nc4 Ra8
34. Rb1 d5 35. exd5 exd5 36. Nb6 Rab8 37. Bd2 f6 38. Bf4 Rb7 39. Rb5 d4 40. Rc1
Na7 41. Rb3 d3 42. Bd2 Re7 43. Rcc3 Re2 44. Nc4 Rc8 45. Be3 Rxa2 46. Bxa7 Rxc4
47. Rxc4 Ra1+ 48. Kg2 d2 49. Rd3 d1=Q 50. Rxd1 Rxd1 51. Ra4 Rd8 52. Bb6 Ra8 53.
a6 Kf7 54. Bc7 Bc5 55. Rc4 Ba7 56. Rb4 Kg6 57. Bb6 Bxb6 58. Rxb6 Ra7 59. g4 h5
60. f3 hxg4 61. fxg4 Kh7 62. Kf3 Ra8 63. Ke4 Ra7 64. Kd5 g5 65. hxg5 fxg5 66.
Rb7+ 1-0

[Event "DVM U20 2009"]
[Site "Chemnitz GER"]
[Date "2009.12.27"]
[Round "2"]
[White "Iwanziw, Niklas"]
[Black "Nuber, Helene"]
[Result "1/2-1/2"]
[Termination "normal"]
[Board "4.5"]
[WhiteElo "1902"]
[BlackElo "2073"]
[WhiteTeam "Sfr.Neuberg"]
[BlackTeam "SC Dillingen"]
[PlyCount "105"]
[WhiteFideId "24647101"]
[BlackFideId "24613045"]
[EventCountry "GER"]
[EventRounds "7"]
[EventType "team-swiss"]
[EventDate "2009.12.26"]

1. d4 e6 2. c4 Nf6 3. Nc3 d5 4. cxd5 exd5 5. Bg5 Be7 6. e3 c6 7. Bd3 Nbd7 8.
Qc2 O-O 9. Nf3 Re8 10. O-O Nf8 11. h3 g6 12. Rab1 Ne6 13. Bh4 Nh5 14. Bxe7 Qxe7
15. b4 a6 16. a4 Nf6 17. Rfc1 Qd6 18. Be2 b6 19. Qb3 Re7 20. Rb2 Rb7 21. Qa3 a5
22. Rcb1 Raa7 23. Rb3 Ne4 24. Nxe4 dxe4 25. Nd2 axb4 26. Rxb4 c5 27. R4b2 Qc6
28. Bb5 Qd5 29. Bc4 Qd7 30. Nxe4 Qxa4 31. Qxa4 Rxa4 32. Bb5 Raa7 33. d5 Nd8 34.
Nd6 Rb8 35. Nxc8 Rxc8 36. Be2 c4 37. Rxb6 c3 38. Rc1 Ra2 39. Ba6 Ra8 40. Rxc3
R2xa6 41. Rxa6 Rxa6 42. Rc8 Rd6 43. e4 Rd7 44. Kf1 Kg7 45. Ke2 f5 46. f3 fxe4
47. fxe4 Kf6 48. Ke3 Ke5 49. Rb8 Rd6 50. h4 h6 51. Rc8 Rd7 52. Rb8 Rd6 53. Rc8
1/2-1/2